Geography Quiz

Random Geography or World Quiz

Find the >10-letter Countries (Picture Click) Quiz Stats

Quiz not verified by Sporcle

Score 0/30 Timer 08:00
3 Plays Today
% Correct
United States
93%
Democratic
Republic
of the
Congo
90.9%
Republic
of the Congo
81.6%
United Kingdom
78.9%
Central
African
Republic
78.6%
Trinidad and Tobago
77.1%
St. Vincent
and the Grenadines
77.1%
Papua New Guinea
75.6%
Saudi Arabia
74.7%
South Africa
73.8%
Antigua and Barbuda
71.9%
Bosnia and Herzegovina
71.1%
Turkmenistan
70.1%
St. Kitts and Nevis
69.5%
United Arab Emirates
69.4%
% Correct
Solomon Islands
68.9%
São Tomé
and Príncipe
67.7%
Marshall Islands
67.5%
Dominican Republic
67.2%
Liechtenstein
63.3%
Philippines
60.3%
Vatican City
56.6%
Afghanistan
56.2%
Equatorial Guinea
54.3%
Guinea-Bissau
54.1%
Burkina Faso
48.4%
Switzerland
47.9%
Sierra Leone
46.9%
Côte d'Ivoire
46.8%
Netherlands
38.9%

You're not logged in!

Compare scores with friends on all Sporcle quizzes.
Sign Up with Email
OR
Log In

You Might Also Like...

Show Comments

Extras

Top Quizzes Today


Score Distribution

Your Account Isn't Verified!

In order to create a playlist on Sporcle, you need to verify the email address you used during registration. Go to your Sporcle Settings to finish the process.

Report this User

Report this user for behavior that violates our Community Guidelines.

Details: